| 000 | 00540nam a22001577a 4500 | ||
|---|---|---|---|
| 003 | macl | ||
| 005 | 20190622121335.0 | ||
| 008 | 190622b xxu||||| |||| 00| 0 eng d | ||
| 040 | _cmacl | ||
| 082 | _a800 | ||
| 100 |
_aमादार ,प्रो.संजय एल. _975493 |
||
| 245 | _aसाहित्य और समकालीन चिंतन | ||
| 260 |
_aदिल्ली _bतक्षशिला प्रकाशन _c2017 |
||
| 650 |
_aकाव्यसमीक्षा _975494 |
||
| 942 |
_2ddc _cHIN |
||
| 999 |
_c60225 _d60225 |
||